| 000 | 00600cam a22002171 4500 | ||
|---|---|---|---|
| 001 | ca 34000116 | ||
| 003 | DLC | ||
| 005 | 20260227111130.0 | ||
| 008 | 800716s1934 mau 000 0 eng | ||
| 010 | _aca 34000116 | ||
| 035 | _a(OCoLC)6519982 | ||
| 040 |
_aDLC _cOCl _dDLC |
||
| 042 | _apremarc | ||
| 050 | 0 | 0 |
_aPN6120.R4 _bW643 |
| 082 | _a812.5 | ||
| 100 | 1 | _aWilson, Dorothy Clarke. | |
| 245 | 1 | 0 |
_aSimon the leper; _ba drama of the Christ, _cby Dorothy Clarke Wilson. |
| 260 |
_aBoston, _bWalter H. Baker company _c[c1934] |
||
| 300 |
_a40 p. _c19 cm. |
||
| 600 | 0 | 0 |
_aSimon, _cthe leper _vDrama. |
| 999 |
_c17230 _d17230 |
||